| 000 | 00643cam a2200193 a 4500 | ||
|---|---|---|---|
| 020 | _a0070195528 | ||
| 020 | _a0070197172 (ERM) | ||
| 082 | 0 | 0 |
_a363.25964 _bNOO _cL-39, P-173 |
| 100 | 1 |
_aLaGrega, Michael D. _98770 |
|
| 245 | 1 | 0 |
_aHazardous waste management / _cMichael D. LaGrega, Phillip L. Buckingham, Jeffrey C. Evans. |
| 260 |
_aNew York : _bMcGraw-Hill, _cc1994. |
||
| 300 |
_axxxii, 1146 p. : _bill. ; _c25 cm. |
||
| 526 |
_a0 _b0 _c0 _d363_259640000000000_NOO |
||
| 650 | 0 |
_aHazardous wastes _xManagement. _96365 |
|
| 650 | 0 |
_aMCE _9379 |
|
| 700 | 1 |
_aBuckingham, Phillip L. _98771 |
|
| 700 | 1 |
_aEvans, Jeffrey C. _98772 |
|
| 942 |
_2ddc _cBK |
||
| 999 |
_c542742 _d542742 |
||